000 01390 a2200265 4500
001 3779
005 20260407155430.0
008 260407a1995 arg spa d
003 AR-UNSa-BCEJYS
040 _aAR-UNSa-BCEJYS
_bspa
_cAR-UNSa-BCEJYS
080 _a330.101.541
_xMacroeconomía
245 1 0 _aCurso breve de Macroeconomía
020 _a84-481-1716-6
250 _a6a. ed.
264 1 _aMadrid :
_bMcGraw-Hill
_c1995
300 _axix, 505 p.
_c23 cm.
505 _a1. Introducción - 2. La contabilidad nacional - 3. La renta y el gasto - 4. El dinero, el tipo de interés y la renta - 5. La política monetaria y la política fiscal - 6. Las relaciones internacionales - 7. La demanda y la oferta agregadas: una introducción - 8. La oferta agregada: los salarios, los precios y el empleo - 9. El enfoque del equilibrio con expectativas racionales - 10. El crecimiento a largo plazo y la productividad - 11. El ajuste y la interdependencia internacionales - Guía sobre el funcionamiento de PC-Macroeconomics, versión 2.0
942 _cBK
590 _aniveau_biblio:m niveau_hierar:0
100 1 _aRabasco, María Esther
700 1 _aDornbusch, Rudiger
700 1 _aFischer, Stanley
700 1 _aToharia Cortés, Luis
856 4 1 _uhttps://biblioeco.unsa.edu.ar/pmb/images/libros/Macroeconom?a (Rudiger Dornbusch-Stanley Fischer).jpg
_yImagen de portada
_qimage/jpeg
999 _c364
_d364